000 005320000a22001810004500
003 MACL
005 20160227171557.0
008 160227b xxu||||| |||| 00| 0 eng d
040 _aMACL
_cMACL
041 _aHindi
082 _a800
100 _aपं श्री गोपीनाथ कविराज
_941103
245 _aतान्त्रिक साहित्‍य
260 _bहिन्‍दी समिति
_aलखनउ
350 _a30
650 _aLiteracture
_939932
942 _cHIN
_k800
_2ddc
999 _c26419
_d26419